| 000 | 00881nam a22002537a 4500 | ||
|---|---|---|---|
| 003 | DO-SdBNP | ||
| 005 | 20260321073644.0 | ||
| 007 | ta | ||
| 008 | 110301s2022 dr 000 0 spa d | ||
| 020 | _a9789945592306 | ||
| 040 |
_aDO-SdBNP _bspa _cBNPHU |
||
| 082 | 4 |
_a320.97293 _bG373j _222 |
|
| 100 | 1 |
_aGermán, Alejandrina _953018 _d1949- |
|
| 245 | 1 | 0 |
_aJuan Bosch : una visión integral / _cAlejandrina Germán ; prólogo Luis García |
| 260 |
_aSanto Domingo : _bImpretur, _c2022. |
||
| 300 |
_a229 p. : _c22 cm. |
||
| 500 | _aIncluye datos biográficos del autor en las solapas. | ||
| 590 | _aInventariado, 2022/ YL | ||
| 600 | 1 | 0 |
_a Bosch, Juan, _d1909-2001 _xPensamiento político y social _976555 |
| 651 | 0 |
_aRepública Dominicana _xPolítica y gobierno _945 |
|
| 700 | 1 |
_aGarcía, Luis _epról. _981570 |
|
| 910 | _aYLockward. Validado, 2022/MFF | ||
| 942 |
_2ddc _cLBS1 |
||
| 999 |
_c51666 _d51666 |
||